| 000 | 00592nam a2200217 a 4500 | ||
|---|---|---|---|
| 001 | 0001-2109 | ||
| 003 | ELIB.Books | ||
| 008 | 190723 2010 eng | ||
| 020 | _a0664220347 | ||
| 092 |
_a253 _bPat |
||
| 100 | _aPatton, John. | ||
| 245 | _aPastoral Care in Context an Introduction to Pastoral Care | ||
| 260 |
_aLouisville _bWestminster John Knox Press _c1993 |
||
| 300 |
_a274 _c23cm |
||
| 650 | _aPastoral Theology | ||
| 856 |
_nKBTS Library _uKBTS Elib |
||
| 942 |
_2ddc _cBK |
||
| 990 | _a1 | ||
| 998 |
_aEnglishbooks.elf _ccat _e2019-07-23 |
||
| 999 |
_c12109 _d12109 |
||